000 00338 a2200109 4500
001 ART_25870
005 20260410161602.0
008 260409a
245 1 0 _aCarácter científico de la contabilidad
100 1 _aGarcía Casella, Carlos Luis
773 0 _tProfesional & Empresaria
_g- Año VI, Nº 65 (feb. 2005)
_wREV70
999 _c9825
_d9825